header

Lecture notes. (Record no. 236400)

MARC details
000 -LEADER
fixed length control field 01352nam a2200349 a 4500
082 04 - DEWEY DECIMAL CLASSIFICATION NUMBER
Classification number 617
100 1# - MAIN ENTRY--AUTHOR NAME
Personal name Ellis, Harold,
245 10 - TITLE STATEMENT
Title Lecture notes.
250 ## - EDITION STATEMENT
Edition statement 12th ed.
260 ## - PUBLICATION, DISTRIBUTION, ETC. (IMPRINT)
Place of publication Chichester, West Sussex, U.K. :
Name of publisher Blackwell Pub.,
Year of publication 2011.
300 ## - PHYSICAL DESCRIPTION
Number of Pages xii, 419 p. :
Other physical details ill. (some col.)
650 #0 - SUBJECT ADDED ENTRY--TOPICAL TERM
Topical Term Surgery.
700 1# - ADDED ENTRY--PERSONAL NAME
Personal name Calne, Roy Yorke.
Personal name Watson, Christopher J. E.
856 40 - ELECTRONIC LOCATION AND ACCESS
Uniform Resource Identifier http://site.ebrary.com/lib/rucke/Doc?id=10518630

No items available.

© 2026 Rongo University
Contact us: librarian | system librarian | Rongo university